000 00749cam a22002533a 4500
001 23941
003 PGUSA
005 20140828083518.0
008 071220s2007||||xxu|||||s|||||000 | eng d
040 _aPGUSA
_beng
042 _adc
050 4 _aPZ
050 4 _aQH
100 1 _aHoughton, W.
_q(William),
_d1828-1895
245 1 0 _aCountry Walks of a Naturalist with His Children
_h[electronic resource] /
_cW. Houghton
260 _bProject Gutenberg,
_c2007
506 _aPublic domain in the USA.
516 _aElectronic text
653 _aNatural history -- Juvenile literature
653 _aNature study -- Juvenile literature
830 0 _aProject Gutenberg
_v23941
856 4 0 _uhttp://www.gutenberg.org/ebooks/23941
942 _cEB
999 _c253196
_d253196